| 000 | 00588nam a2200169Ia 4500 | ||
|---|---|---|---|
| 999 |
_c35513 _d35513 |
||
| 003 | OSt | ||
| 005 | 20210121123329.0 | ||
| 008 | 190216s9999||||xx |||||||||||||| ||und|| | ||
| 040 | _coclc | ||
| 082 |
_a301.550973 _bSCH/I |
||
| 100 |
_aSchneider, Eugene V _98343 |
||
| 245 | 0 |
_aIndustrial Sociology : _bThe Social Relations Of Industry And The Community / _cEugene V Schneider |
|
| 260 |
_bTata Mcgraw Hill Publishing Company Ltd, _c1979. _aNew Delhi: |
||
| 300 | _a625p | ||
| 650 | _aIndustrial Sociology | ||
| 942 |
_cBK _2ddc _h301.550973 _iSCH/I _k301.550973 _mSCH/I |
||